Central Library OPAC University of Rajshahi

Purification,characterization and structure-function analysis of amylase, invertase and B-galactisidase from mango (Mangifera indica L.) / (Record no. 83624)

MARC details
000 -LEADER
fixed length control field 00972nam a22002417a 4500
001 - CONTROL NUMBER
RUCL Control Number 83624
003 - CONTROL NUMBER IDENTIFIER
rucl marc code BD-RjUL
005 - DATE AND TIME OF LATEST TRANSACTION
control field 20240430162104.0
008 - FIXED-LENGTH DATA ELEMENTS--GENERAL INFORMATION
fixed length control field 240430s2000 bg a|||| m||| 00| 0 eng d
035 ## - SYSTEM CONTROL NUMBER
system control number (BD-RjUL)83624
040 ## - CATALOGING SOURCE
Original cataloging agency BD-RjUL
Language of cataloging eng
Transcribing agency BD-RjUL
Modifying agency BD-RjUL
041 ## - LANGUAGE CODE
Language code of Book eng
082 ## - DEWEY DECIMAL CLASSIFICATION NUMBER
DDC Edition number 23
Classification number 515.7
Author mark and Year RAP 2000
100 ## - MAIN ENTRY--PERSONAL NAME
Personal name Rahman, Mohammad. Mahbubar
9 (RLIN) 12791
245 10 - TITLE STATEMENT
Title Purification,characterization and structure-function analysis of amylase, invertase and B-galactisidase from mango (Mangifera indica L.) /
Statement of responsibility, etc By Mohammad. Mahbubar Rahman ;
Name of Supervisor/Co-Supervisor Supervisor : Nurul, Absar
260 ## - PUBLICATION, DISTRIBUTION, ETC. (IMPRINT)
Place of publication, distribution, etc Rajshahi :
Name of publisher, distributor, etc Department of Biochemistry, University of Rajshahi,
Date of publication, distribution, etc 2000
300 ## - PHYSICAL DESCRIPTION
Pagination xii, 203 leaves :
Other physical details ill, ;
Dimensions 29.cm.
502 ## - DISSERTATION NOTE
Dissertation note Thesis (Ph. D.) -- Department of Biochemistry, University of Rajshahi, 2000
504 ## - BIBLIOGRAPHY, ETC. NOTE
Bibliography, etc References : Leaves 191 - 203
650 ## - SUBJECT ADDED ENTRY--TOPICAL TERM
Topical term or geographic name as entry element Functions
Form subdivision Analysis
General subdivision Mango
9 (RLIN) 12792
700 ## - ADDED ENTRY--SUPERVISOR/CO-SUPERVISOR NAME
Personal name Absar, Nurul, Supervisor
9 (RLIN) 3389
942 ## - ADDED ENTRY ELEMENTS (KOHA)
Source of classification or shelving scheme Dewey Decimal Classification
Koha item type Theses
Holdings
Source of classification or shelving scheme Damaged status Not for loan Collection code Permanent Location Current Location Shelving location Date of accession Source of acquisition Total Checkouts Full call number Barcode Date last seen Copy number Thesis
Dewey Decimal Classification   Not For Loan Theses Central Library, University of Rajshahi Central Library, University of Rajshahi Documentation Section 28/03/2002 Controller of Exam. R. U.   THE 515.7 RAP 2000 D2029 30/04/2024 C-1 Theses